• 首页
  • 本馆介绍
  • 公告通知
  • 最新文献
  • 馆藏检索
  • 电子资源
  • 读者导购
  • 参考咨询
  • 我的图书馆
  • 登录
  • 详细信息显示
  • 放入我的书架
  • 预约/预借图书
  • 作者相关作品
  • 分类相关作品
  • 丛书相关作品
  • 出版社相关作品

书目信息

  • 表格格式
  • 工作单格式
  • 卡片格式
题名:
国家教师资格考试专用教材
    
 
作者: ;粉笔教师 编著
分册:   教育教学知识与能力
出版信息: 北京   电子工业出版社  2019.12
页数: 506页
开本: 26cm
丛书名:
单 册:
中图分类: G451.1 , G625.1
科图分类:
主题词: 教学能力--资格考试--教材 , 小学教师--教学能力--资格考试--教材
电子资源:
ISBN: 978-7-121-33478-8
000 00875nam0 2200253 450
001 012001000530
005 20140131150928.0
010    @a978-7-121-33478-8@dCNY68.00
100    @a20220905d2019 em y0chiy50 ea
101 0  @achi
102    @aCN@b110000
105    @ay z 000yy
106    @ar
200 1  @a国家教师资格考试专用教材@Aguo jia jiao shi zi ge kao shi zhuan yong jiao cai@i教育教学知识与能力@i小学@f粉笔教师编著
210    @a北京@c电子工业出版社@d2019.12
215    @a506页@d26cm
330    @a本书共七章,主要内容包括:教育基础、学生指导、学校与班级管理、教学设计、教学实施、教学评价与反思、学习心理。
606 0  @a教学能力@x资格考试@j教材
606 0  @a小学教师@x教学能力@x资格考试@j教材
690    @aG451.1@v5
690    @aG625.1@v5
711 02 @a粉笔教师@Afen bi jiao shi@4编著
801  0 @aCN@bAHXH@c20221111
905    @b1364559-63@dG451.1@e520@f5
    
    国家教师资格考试专用教材.教育教学知识与能力.小学/粉笔教师编著.-北京:电子工业出版社,2019.12
    506页;26cm
    
    
    ISBN 978-7-121-33478-8:CNY68.00
    本书共七章,主要内容包括:教育基础、学生指导、学校与班级管理、教学设计、教学实施、教学评价与反思、学习心理。
●
相关链接 在E读中查询图书 在五车中查询图书 在当当中查询图书 在豆瓣中查询图书


正题名:国家教师资格考试专用教材     索取号:G451.1/520         预约/预借

序号 登录号 条形码 馆藏地/架位号 状态 备注
1 1364559   213645590   第一样本阅览室/ [索取号:G451.1/520] 在馆    
2 1364560   213645607   教育系资料室/ [索取号:G451.1/520] 在馆    
3 1364561   213645616   教育系资料室/ [索取号:G451.1/520] 在馆    
4 1364562   213645625   第四借阅区/ [索取号:G451.1/520] 在馆    
5 1364563   213645634   第四借阅区/ [索取号:G451.1/520] 在馆    
唐山师范学院图书馆 欢迎您!
大连网信软件有限公司© 版权所有